Commercial and industrial property vacancy statistics England 1991-92 and 2000-01 (Record no. 102837)

MARC details
000 -LEADER
fixed length control field 01105cam a2200217 4500
001 - CONTROL NUMBER
control field J122425
008 - FIXED-LENGTH DATA ELEMENTS--GENERAL INFORMATION
fixed length control field 030528n2003 000 0 eng u
035 ## - SYSTEM CONTROL NUMBER
System control number (Sirsi) u122425
041 ## - LANGUAGE CODE
Language code of text/sound track or separate title eng.
050 ## - LIBRARY OF CONGRESS CALL NUMBER
Classification number 333.336
-- 18
110 ## - MAIN ENTRY--CORPORATE NAME
Corporate name or jurisdiction name as entry element United Kingdom
Subordinate unit Office of the Deputy Prime Minister
245 ## - TITLE STATEMENT
Title Commercial and industrial property vacancy statistics England 1991-92 and 2000-01
260 ## - PUBLICATION, DISTRIBUTION, ETC.
Name of publisher, distributor, etc. ODPM
Date of publication, distribution, etc. 2003
520 ## - SUMMARY, ETC.
Summary, etc. These are the first statistics providing vacancy rates for commercial and industrial properties in English local authorities. As further work is to be carried out to improve them, they are released as 'experimental statistics'. The figures are derived from the amount of relief given on business rates for empty properties in each local authority as reported to ODPM by the annual National Non Domestic Rates 3 return.
650 ## - SUBJECT ADDED ENTRY--TOPICAL TERM
Topical term or geographic name entry element STATISTICS
650 ## - SUBJECT ADDED ENTRY--TOPICAL TERM
Topical term or geographic name entry element VACANCY RATES
650 ## - SUBJECT ADDED ENTRY--TOPICAL TERM
Topical term or geographic name entry element INDUSTRIAL PROPERTY
690 ## - LOCAL SUBJECT ADDED ENTRY--TOPICAL TERM (OCLC, RLIN)
Topical term or geographic name as entry element PROPERTY-COMMERCIAL PROPERTY
856 ## - ELECTRONIC LOCATION AND ACCESS
Uniform Resource Identifier <a href="https://www.planning.odpm.gov.uk/vscipees/index.htm">https://www.planning.odpm.gov.uk/vscipees/index.htm</a>
Public note View the statistics on ODPM's website...
942 ## - ADDED ENTRY ELEMENTS (KOHA)
Suppress in OPAC 0
Holdings
Withdrawn status Lost status Source of classification or shelving scheme Damaged status Not for loan Home library Current library Shelving location Date acquired Total Checkouts Full call number Barcode Date last seen Copy number Price effective from Koha item type
    Dewey Decimal Classification     Virtual Virtual Online 28/05/2003   ONLINE PUBLICATION 122425-1001 06/08/2019 1 06/08/2019 Book